Loading...
Literature - American Literature | 0 | 8 | 0 | 3 | 80 | 95 | 129.13 | 0 | 0 |
Literature - European Literature | 0 | 6 | 1 | 2 | 55 | 71 | 143.50 | 0 | 1 |
Literature - World Literature | 0 | 6 | 2 | 1 | 50 | 87 | 132.67 | 0 | 0 |
Literature - British Literature | 0 | 5 | 2 | 1 | 40 | 99 | 131.40 | 0 | 1 |
Philosophy | 0 | 5 | 2 | 1 | 40 | 102 | 125.20 | 0 | 0 |
History - World History | 0 | 2 | 0 | 1 | 20 | 106 | 122.50 | 0 | 0 |
Social Science | 0 | 2 | 1 | 0 | 15 | 100 | 101.50 | 0 | 2 |
Current Events | 0 | 1 | 0 | 0 | 10 | 120 | 120.00 | 0 | 0 |
Fine Arts - Painting & Sculpture | 0 | 1 | 0 | 0 | 10 | 139 | 139.00 | 0 | 0 |
Fine Arts - Other Fine Arts | 0 | 1 | 0 | 0 | 10 | 107 | 107.00 | 0 | 0 |
Religion | 0 | 2 | 2 | 0 | 10 | 69 | 106.50 | 0 | 1 |
History - American History | 0 | 2 | 2 | 1 | 10 | 95 | 116.00 | 0 | 0 |
Mythology | 0 | 0 | 1 | 0 | -5 | 0.00 | 0 | 0 | |
Other Academic | 0 | 0 | 1 | 0 | -5 | 0.00 | 0 | 0 | |
Science - Chemistry | 0 | 0 | 1 | 0 | -5 | 0.00 | 0 | 0 |